| 000 | 02981cam a22007094i 4500 | ||
|---|---|---|---|
| 003 | PE-LiUPU | ||
| 005 | 20250731170444.0 | ||
| 008 | 150706s r 000 0 d | ||
| 035 | _a(Sirsi) a47003 | ||
| 040 |
_aPE-LiUPU _bspa _cPE-LiUPU _erda |
||
| 049 | _aPRUA | ||
| 082 | 0 | 4 |
_a155.2 _bN94 _221 |
| 082 | 0 | 4 |
_a155.2 _bN94 2008 |
| 100 | 1 |
_aNúñez, Miguel Ángel, _eautor. |
|
| 245 | 1 | 0 |
_aCarácter, no cáscara : _bel camino del verdadero éxito / _cMiguel Ángel Núñez. |
| 264 | 1 |
_aLima : _bFortaleza Ediciones, _c2008. |
|
| 300 |
_a119 páginas ; _c21 centímetros. |
||
| 336 |
_atext _2rdacontent |
||
| 337 |
_aunmediated _2rdamedia |
||
| 338 |
_avolume _2rdacarrier |
||
| 490 | 0 | _aPasaje a la vida | |
| 505 | 0 | _aPersonalidad tienen todos -- Rectitud -- Integridad -- Conciencias leales -- Nadar contra la corriente -- Asertividad honesta -- Frutos de un carácter digno -- El verdadero carácter fuerte -- El nombre que le corresponde -- Carácter que engrandece. | |
| 526 | _aSEG68 | ||
| 526 | _aSEG70 | ||
| 526 | _aSEG69 | ||
| 526 | _aSEG67 | ||
| 526 | _aSEG43 | ||
| 526 | _aP144 | ||
| 526 | _aP143 | ||
| 526 | _aP131 | ||
| 526 | _aP122 | ||
| 526 | _aP120 | ||
| 526 | _aP117 | ||
| 526 | _aP112 | ||
| 526 | _aP110 | ||
| 526 | _aP106 | ||
| 526 | _aP101 | ||
| 526 | _aP80 | ||
| 526 | _aP59 | ||
| 526 | _aP54 | ||
| 526 | _aP35 | ||
| 526 | _aP33 | ||
| 526 | _aP30 | ||
| 650 | 0 | 4 | _aCarácter. |
| 650 | 0 | 4 |
_aPersonalidad. _91760 |
| 650 | 0 | 4 |
_aEducación moral. _91896 |
| 910 |
_blch _clch _d20090513 |
||
| 910 |
_abgr _bncf _cncf _d20190829 |
||
| 942 |
_2ddc _cBOOK |
||
| 949 |
_a155.2 N94 _wDEWEY _c1 _i59541 _lCCODEBUL1 _mBUL _p10.00 _r0 _sY _tLIBRO _u2015-07-06 _xBIBLIOTECA _zUNKNOWN _o.STAFF. Colección General |
||
| 949 |
_a155.2 N94 2008 _wDEWEY _c1 _iFT01082 _lCCODEBUT1 _mBUT _p{Dolar}8.00 _r0 _sY _u2015-07-06 _xBIBLIOTECA _zUNKNOWN _o.STAFF. Colección General Tarapoto |
||
| 994 |
_aC0 _bPEPRU |
||
| 596 | _a1 2 | ||
| 999 |
_a155.2 N94 _wDEWEY _c49100 _i59541 _lLOST _mBUL _p10.00 _r1 _sY _tBOOK _u2015-7-6 _xTEOLOGIA _zUNKNOWN _o.STAFF. Colección General _d49100 |
||
| 999 |
_a155.2 N94 _wDEWEY _c2 _i80593 _lCRAI-HOUSE _mBUL _p8.00 _r0 _sY _tBOOK _u2019-8-29 _xUNKNOWN _zUNKNOWN _0DONACION _o.STAFF. Colección General |
||
| 999 |
_a155.2 N94 _wDEWEY _c3 _i80594 _lCRAI-HOUSE _mBUL _p8.00 _r0 _sY _tBOOK _u2019-8-29 _xUNKNOWN _zUNKNOWN _0DONACION _o.STAFF. Colección General |
||
| 999 |
_a155.2 N94 _wDEWEY _c4 _i80595 _lCRAI-HOUSE _mBUL _p8.00 _r0 _sY _tBOOK _u2019-8-29 _xUNKNOWN _zUNKNOWN _0DONACION _o.STAFF. Colección General |
||
| 999 |
_a155.2 N94 2008 _wDEWEY _c1 _iFT01082 _d2019-11-15 _e2019-11-13 _f2019-2-20 _g1 _lCCODEBUT1 _mBUT _n15 _p8.00 _r0 _sY _tBOOK _u2018-5-9 _xBIBLIOTECA _zUNKNOWN _0COMPRA _o.STAFF. Coleccion general |
||
| 980 |
_81 _gALBERTO SANCHEZ Responsable de Automatización |
||